Rural planning of one country / (Record no. 3173)
[ view plain ]
| 000 -LEADER | |
|---|---|
| fixed length control field | 00478cam a2200181ua 4500 |
| 041 ## - LANGUAGE CODE | |
| Language code of text/sound track or separate title | eng |
| 082 ## - DEWEY DECIMAL CLASSIFICATION NUMBER | |
| Classification number | 307.72 |
| Item number | BLA/RU |
| 100 ## - MAIN ENTRY--AUTHOR NAME | |
| Personal name | Black, John Donald . |
| 245 ## - TITLE STATEMENT | |
| Title | Rural planning of one country / |
| 250 ## - EDITION STATEMENT | |
| Edition statement | 1 / |
| 260 ## - PUBLICATION, DISTRIBUTION, ETC. (IMPRINT) | |
| Place of publication | Cambridge : |
| Name of publisher | Harvard university press , |
| Year of publication | 1959. |
| 300 ## - PHYSICAL DESCRIPTION | |
| Number of Pages | 419 ; . |
| 700 1# - ADDED ENTRY--PERSONAL NAME | |
| Personal name | Westcott, George William . |
| 942 ## - ADDED ENTRY ELEMENTS (KOHA) | |
| Koha item type | Books |
| Withdrawn status | Lost status | Damaged status | Home library | Current library | Date acquired | Full call number | Accession Number | Koha item type |
|---|---|---|---|---|---|---|---|---|
| KAUAET | 07/04/2012 | 307.72 | 620 B | Books | ||||
| KAUAET | KAUAET | 07/04/2012 | 307.72 | 620 A | Books |
